000 00484nam a2200193Ia 4500
005 20230519143955.0
008 131103s9999 xx 000 0 und d
040 _aLoreto College
041 _aEnglish
082 _a823.91
_bWOO
100 _aWoolf,Virginia
245 _aNight and day
_cVirginia Woolf
260 _aHarmoundsworth
_bPenguin Book
_c1975
300 _a475 p.
440 _aPenguin Modern Classics
650 _aEnglish Fiction
850 _aLCLIB
942 _cBK
999 _c4997
_d55476